PHARMACEUTICAL CHEMISTRY -1 (Record no. 34189)

MARC details
000 -LEADER
fixed length control field 00337nam a22001457a 4500
003 - CONTROL NUMBER IDENTIFIER
control field SGT
020 ## - INTERNATIONAL STANDARD BOOK NUMBER
International Standard Book Number 978-93-91208-06-6
082 ## - DEWEY DECIMAL CLASSIFICATION NUMBER
Classification number 615.19
Item number VIS
100 ## - MAIN ENTRY--PERSONAL NAME
Personal name KUMAR, DR. RAJEEV
245 ## - TITLE STATEMENT
Title PHARMACEUTICAL CHEMISTRY -1
260 ## - PUBLICATION, DISTRIBUTION, ETC. (IMPRINT)
Place of publication, distribution, etc INDIA
Name of publisher, distributor, etc IP PUB.
Year of Publication 2021
300 ## - PAGE DESCRIPTION
No. of Pages 204
650 ## - SUBJECT ADDED ENTRY--TOPICAL TERM
Topical term or geographic name as entry element PHARMACEUTICAL CHEMISTRY
942 ## - ADDED ENTRY ELEMENTS (KOHA)
Source of classification or shelving scheme Dewey Decimal Classification
Koha item type Books
Holdings
Withdrawn status Lost status Source of classification or shelving scheme Damaged status Not for loan Collection code Home library Current library Shelving location Date acquired Vendor Name Cost, normal purchase price SGTU Bill Number Total Checkouts Full call number Accession No. (Barcode) Date last seen Bill Date Koha item type
    Dewey Decimal Classification     SCIENCE SGT Science & Social Sciences Library SGT Science & Social Sciences Library Text Book 23/02/2026 IP PUB. 600.00 SGTU IPI/2025/SU/INS338/2   615.19 VIS DP1775 23/02/2026 10/02/2026 Books
    Dewey Decimal Classification     SCIENCE SGT Science & Social Sciences Library SGT Science & Social Sciences Library Text Book 23/02/2026 IP PUB. 600.00 SGTU IPI/2025/SU/INS338/2   615.19 VIS DP1776 23/02/2026 10/02/2026 Books